FC 25 TOP 10 Turkish Super League Players - Statistics

General Stats
  • This quiz has been taken 19 times
  • The average score is 10 of 12
Answer Stats
Country Rating Club Player % Correct
Nigeria 87 Galatasaray Victor Osimhen
100%
Morocco 83 Fenerbahçe Youssef En-Nesyri
94%
Serbia 83 Fenerbahçe Dusan Tadic
83%
Bosnia 82 Fenerbahçe Edin Dzeko
83%
Uruguay 81 Galatasaray Fernando Muslera
83%
Uruguay 83 Galatasaray Lucas Torreira
83%
Argentina 83 Galatasaray Mauro Icardi
83%
Portugal 83 Beşiktaş Rafa Silva
83%
Italy 82 Beşiktaş Ciro Immobile
78%
Brazil 81 Fenerbahçe Fred
78%
Montenegro 81 Trabzonspor Stevan Savic
78%
Serbia 82 Fenerbahçe Filip Kostic
72%
No matching quizzes found
Score Distribution
Percent of People with Each Score
Percentile by Number Answered
Your Score History
You have not taken this quiz